000 00700nam a2200289Ia 4500
005 20260324114129.0
008 008 260324s9999 xx 000 0 eng d
020 _a9781003359869
037 _aEBOOK
040 _aCRL
040 _beng
040 _cCRL
041 _2eng
041 _aeng
084 _qCRL
100 _aAbdon Atangana; Ali Akgül
_91149553
245 0 _aIntegral Transforms and Engineering
245 0 _bTheory, Methods, and Applications
260 _bTaylor and Francis
260 _c2023
365 _a
365 _b340
856 _uhttp://www.taylorfrancis.com/books/9781003359869
942 _cEBOOK
999 _c1739560
_d1739560